• 首页
  • 本馆介绍
  • 公告通知
  • 最新文献
  • 馆藏检索
  • 电子资源
  • 读者导购
  • 参考咨询
  • 我的图书馆
  • 登录
  • 详细信息显示
  • 放入我的书架
  • 预约/预借图书
  • 作者相关作品
  • 分类相关作品
  • 丛书相关作品
  • 出版社相关作品

书目信息

  • 表格格式
  • 工作单格式
  • 卡片格式
题名:
元典章
    
 
作者: 元朝官修
分册: 第十七册  
出版信息: 北京   北京市中国书店  1934
页数: 1册
开本: 18.5*13.5cm
丛书名:
单 册:
中图分类: D691.5
科图分类:
主题词: 政治--中国
电子资源:
ISBN:
000 00718nam0 2200229 450
001 0633604344
005 20061019094551.34
010    @b线装@dCNY67.50(函)
100    @a20061019d1934 km y0chiy0120 ea
101 0  @achi
102    @aCN@b110000
200 1  @a元典章@Ayuan dian zhang@h第十七册@f元朝官修@Fyuan chao guan xiu
205    @b影印本
210    @a北京@c北京市中国书店@d1934
215    @a1册@d18.5*13.5cm
300    @a全套4函,总定价CNY270.00,第十三至第十八册为第三函
327    @a本书后附陈垣校补校例六卷,民国二十三年(1934年)十月国立中央研究院历史研究所刊
606 0  @a政治@x中国
690    @aD691.5@v3
701  0 @a元朝官修@Ayuan chao guan xiu
801  0 @aCN@bPFT@c20061019
905    @a10447@dD691.5@e1:17
    
    元典章.第十七册/元朝官修.-影印本.-北京:北京市中国书店,1934
    1册;18.5*13.5cm
    全套4函,总定价CNY270.00,第十三至第十八册为第三函
    部分内容:本书后附陈垣校补校例六卷,民国二十三年(1934年)十月国立中央研究院历史研究所刊
    ISBN (线装):CNY67.50(函)
    
●
相关链接 在E读中查询图书 在五车中查询图书 在当当中查询图书 在豆瓣中查询图书


正题名:元典章     索取号:D691.5/1:17         预约/预借

序号 登录号 条形码 馆藏地/架位号 状态 备注
1 0222389   202406226   古籍典藏专区/ [索取号:D691.5/1:17] 在馆    
唐山师范学院图书馆 欢迎您!
大连网信软件有限公司© 版权所有